| 000 | 01449nam0a2200409 4500 | ||
|---|---|---|---|
| 001 | RU\NLR\bibl\402083 | ||
| 005 | 20260409072313.0 | ||
| 010 |
_a5-09-012092-7 _95000 |
||
| 021 |
_aRU _b2003-9803 _9448 |
||
| 035 | _a(NLR Aleph) 000396237 | ||
| 090 |
_a546729 _c546729 |
||
| 100 | _a20030414d2003 |||y0rusy50 ca | ||
| 101 | 0 | _arus | |
| 102 | _aRU | ||
| 105 | _aa ||||||||| | ||
| 200 | 1 |
_aПознаю мир _eЗнаки и символы _eРазвивающая кн. для детей ст. дошк. возраста _fТ. И. Гризик |
|
| 205 | _a5-е изд. | ||
| 210 |
_aМ. _cПросвещение _d2003 |
||
| 215 |
_a39 с. _cил. _d29 |
||
| 225 | 1 |
_aРадуга _iСтарший возраст |
|
| 606 |
_aДошкольники _xОзнакомление с окружающей жизнью _91593269 _3RU\NLR\AUTH\66999152 |
||
| 610 | 0 | _aСимволика - Изучение в дошкольных учреждениях | |
| 610 | 0 | _aУчебно-наглядные пособия | |
| 675 |
_a373.2.016:003.62 _v3 _zrus |
||
| 686 |
_a14.23 _2rugasnti |
||
| 686 |
_a74.102 _2rubbk |
||
| 686 | _aЧ491.7 | ||
| 686 |
_aШ9 _bЮ |
||
| 700 | 1 |
_aГризик _bТ. И. _gТатьяна Ивановна _4070 |
|
| 801 | 0 |
_aRU _bRKP _c20030414 _gPSBO |
|
| 801 | 1 |
_aRU _bRKP _c20030414 |
|
| 801 | 2 |
_aRU _bNLR _c20030704 _grcr |
|
| 942 | _cBOOK | ||
| 980 | _aNB | ||